000 00305nam a22001337a 4500
008 171106b xxu||||| |||| 00| 0 eng d
020 _a9780538854993
041 _aeng
080 _27 ED
_a330.722.6
100 _a61
101 _aKON
245 _aINTERMEDIATE ACOUNTING
_cNIKOLAI.B
942 _2udc
_cBK
999 _c37813
_d37813